Oracle Solaris 11 system administration : (Record no. 75982)

MARC details
000 -LEADER
fixed length control field 00711nam a22002297a 4500
005 - DATE AND TIME OF LATEST TRANSACTION
control field 20130527152025.0
010 ## - LCCN (DPL NO)
LC control number ENG-107266
020 ## - INTERNATIONAL STANDARD BOOK NUMBER
International Standard Book Number 9781259029448
Terms of availability 650.00
020 ## - INTERNATIONAL STANDARD BOOK NUMBER
International Standard Book Number 1259029441
Terms of availability 650.00
035 ## - SYSTEM CONTROL NUMBER
System control number EN-90799
037 ## - SOURCE OF ACQUISITION
Source of stock number/acquisition DBAD/PUB
082 ## - DEWEY DECIMAL CLASSIFICATION NUMBER
Classification number 505.7565
100 ## - MAIN ENTRY--PERSONAL NAME
Personal name Jang, Michael
245 ## - TITLE STATEMENT
Title Oracle Solaris 11 system administration :
Statement of responsibility, etc by Michael Jang...[et al]
Remainder of title the complete reference /
260 ## - PUBLICATION, DISTRIBUTION, ETC. (IMPRINT)
Place of publication, distribution, etc New Delhi
Name of publisher, distributor, etc Tata McGraw Hill
Date of publication, distribution, etc c2013
270 ## - ADDRESS
Address 7 West Patel Nagar
City New Delhi
Postal code 110008
300 ## - PHYSICAL DESCRIPTION
Extent xxiv,582p.:
Dimensions 24cm(pbk)
Other physical details ill.
500 ## - GENERAL NOTE
General note Includes index
650 ## - SUBJECT ADDED ENTRY--TOPICAL TERM
Topical term or geographic name as entry element Database management.
700 ## - ADDED ENTRY--PERSONAL NAME
Dates associated with a name Jang, Michael
942 ## - ADDED ENTRY ELEMENTS (KOHA)
Source of classification or shelving scheme Dewey Decimal Classification
Item type English Books
Call number suffix JAN
Classification part 505.7565
Holdings
Withdrawn status Lost status Not for loan Collection code Home library Current library Date acquired Source of acquisition Cost, normal purchase price Full call number Barcode Copy number Cost, replacement price Koha item type
    Not For Loan Non-fiction D.B.Act.Division D.B.Act.Division 23/05/2013 DBAD / PUB 650.00 505.7565 JAN EN-90799 1 650.00 English Books

© Delhi Public Library
Hit Counter
free hit counter